000 00666nam a2200277Ia 4500
005 20260324134536.0
008 008 260324s9999 xx 000 0 eng d
020 _a9780203462287
037 _aEBOOK
040 _aCRL
040 _beng
040 _cCRL
041 _2eng
041 _aeng
084 _qCRL
100 _aCharles A. Perrone; Christopher Dunn
_91197213
245 0 _aBrazilian Popular Music and Globalization
260 _bTaylor and Francis
260 _c2001
365 _a
365 _b300
856 _uhttp://www.taylorfrancis.com/books/9780203462287
942 _cEBOOK
999 _c1797417
_d1797417